NCAA Basketball Champions Sudden Death - Statistics

General Stats
  • This quiz has been taken 1,661 times
  • The average score is 10 of 25
Answers on the Grid
Answers color-coded by a green-red scale on the quiz's grid according to % correct below.
Alabama
Arizona
Baylor
Boise St
Cincinnati
Duke
Florida
Gonzaga
Hawaii
Holy Cross
Houston
Indiana
Indiana St
Iowa
Kansas
Kentucky
La Salle
Louisville
Marquette
Memphis
Miami
Michigan
NC State
North Carolina
Ohio St
Oregon
Purdue
San Diego St
San Francisco
Stanford
Syracuse
TCU
Texas Tech
UConn
UNLV
Villanova
Virginia
Washington St
West Virginia
Wyoming
 
Answer Stats
Answer % Correct
Duke
81%
Florida
69%
Baylor
57%
Arizona
55%
Kansas
48%
Kentucky
48%
Indiana
45%
UConn
45%
Villanova
45%
North Carolina
44%
Michigan
42%
Syracuse
42%
Louisville
38%
Virginia
37%
Cincinnati
33%
NC State
31%
UNLV
31%
San Francisco
27%
Holy Cross
26%
Ohio St
25%
Marquette
23%
Oregon
18%
La Salle
15%
Wyoming
15%
Stanford
13%
No matching quizzes found
Score Distribution
Percent of People with Each Score
Percentile by Number Answered
Your Score History
You have not taken this quiz